[Event "AUTO-MASTER-746"]
[Site "http://www.queenalice.com/game.php?id=544546"]
[Date "2009.2.22"]
[Round "1"]
[White "jlpbarreto"]
[Black "eliasdiniz"]
[Result "0-1"]
[WhiteElo "2061"]
[BlackElo "1955"]

1. e4 c5 2. Nf3 Nf6 3. e5 Nd5 4. Nc3 e6 5. Nxd5 exd5 6. d4 Nc6 7. dxc5 Bxc5 8.
Qxd5 d6 9. Ng5 O-O 10. Be3 Bxe3 0-1

[Event "AUTO-MASTER-746"]
[Site "http://www.queenalice.com/game.php?id=544547"]
[Date "2009.2.22"]
[Round "1"]
[White "eliasdiniz"]
[Black "HelderNanques"]
[Result "0-1"]
[WhiteElo "1752"]
[BlackElo "2095"]

1. b4 a5 2. b5 c6 3. c4 d5 4. bxc6 bxc6 5. cxd5 cxd5 6. Nf3 Nf6 7. g3 e6 8. Bg2
Be7 9. O-O O-O 10. Nc3 Ba6 11. d3 Nbd7 12. Bd2 Qc7 13. Qa4 Nc5 14. Qc2 Rac8 15.
Qd1 Nfd7 16. Rc1 Bd6 17. Na4 Qd8 18. Nxc5 Nxc5 19. Nd4 Qb6 20. Be3 Qb4 21. Rb1
Qa4 22. Qxa4 Nxa4 23. Nb5 Be7 24. Nd4 Rb8 25. Rxb8 Rxb8 26. Nc6 Rb7 27. Nxa5 Rb2
28. Bf3 Rxa2 29. Nc6 Bf6 0-1

[Event "AUTO-MASTER-746"]
[Site "http://www.queenalice.com/game.php?id=544548"]
[Date "2009.2.22"]
[Round "1"]
[White "HelderNanques"]
[Black "eliasdiniz"]
[Result "1-0"]
[WhiteElo "2092"]
[BlackElo "1755"]

1. c3 Nf6 2. d4 d5 3. Bf4 Bf5 4. Nf3 e6 5. e3 Bd6 6. Ne5 O-O 7. Bd3 Bxd3 8. Qxd3
Nbd7 9. Nxd7 Qxd7 10. Bxd6 Qxd6 11. Nd2 c5 12. dxc5 Qxc5 13. Nb3 Qc7 14. O-O Ne4
15. Rac1 Nc5 16. Nxc5 Qxc5 17. h4 Qa5 18. a3 Rac8 19. Rfe1 Rc4 20. g3 Rfc8 21.
Red1 b5 22. Rd2 Qb6 23. Rcd1 a5 24. Kg2 b4 25. cxb4 axb4 26. Ra1 bxa3 27. Qxa3
g6 28. Re1 1-0

[Event "AUTO-ADV-1110"]
[Site "http://www.queenalice.com/game.php?id=547426"]
[Date "2009.2.27"]
[Round "2"]
[White "rviana"]
[Black "eliasdiniz"]
[Result "1-0"]
[WhiteElo "1903"]
[BlackElo "1735"]

1. e4 c5 2. Nf3 Nf6 3. Nc3 e6 4. e5 Nd5 5. Bc4 Nb6 6. d3 d5 7. exd6 Bxd6 8. Bb5+
Bd7 9. O-O O-O 10. Be3 Bxb5 11. a4 Bc6 12. a5 N6d7 13. d4 Qe7 14. Re1 cxd4 15.
Nxd4 Ne5 16. Nxc6 Nbxc6 17. Nb5 Bc5 18. Bf4 Ng6 19. Bg3 Rad8 20. Qg4 Nb4 21.
Rac1 a6 22. Nc3 Nd5 23. Ne2 Nf6 24. Qc4 Nh5 25. b4 1-0

[Event "AUTO-ADV-1110"]
[Site "http://www.queenalice.com/game.php?id=547427"]
[Date "2009.2.27"]
[Round "2"]
[White "eliasdiniz"]
[Black "rviana"]
[Result "1-0"]
[WhiteElo "1986"]
[BlackElo "1913"]

1. b4 e5 2. Bb2 Bxb4 3. Bxe5 f6 4. Bb2 Ne7 5. e4 Nbc6 6. Nf3 O-O 7. Bc4+ Kh8 8.
O-O Na5 9. Bb3 Nxb3 10. axb3 d5 11. e5 f5 12. Ra4 Bc5 13. e6 Bxe6 14. Qe2 Bd7
15. Qe5 Rg8 16. Ng5 Qf8 17. Rh4 1-0

[Event "AUTO-MASTER-760"]
[Site "http://www.queenalice.com/game.php?id=555065"]
[Date "2009.3.12"]
[Round "1"]
[White "Guilherme_Ottoni"]
[Black "eliasdiniz"]
[Result "0-1"]
[WhiteElo "2099"]
[BlackElo "1967"]

1. e4 c5 2. Nf3 Nf6 3. e5 Nd5 4. d4 e6 5. c4 Nb6 6. d5 exd5 7. cxd5 d6 8. exd6
Bxd6 9. Nc3 O-O 10. Be2 N8d7 11. O-O Nf6 12. Bg5 h6 13. Bxf6 Qxf6 14. Qb3 Bf5
15. Rad1 Rad8 16. Bd3 Bxd3 17. Rfe1 Bf5 18. Qa3 a6 19. Qb3 c4 20. Qxb6 Bxh2+ 21.
Kxh2 Qxb6 0-1

[Event "AUTO-MASTER-760"]
[Site "http://www.queenalice.com/game.php?id=555066"]
[Date "2009.3.12"]
[Round "1"]
[White "eliasdiniz"]
[Black "Guilherme_Ottoni"]
[Result "0-1"]
[WhiteElo "1893"]
[BlackElo "2150"]

1. b4 e5 2. Bb2 Bxb4 3. Bxe5 Nf6 4. Nf3 O-O 5. e3 d5 6. Be2 c5 7. O-O Nc6 8. d4
c4 9. c3 Be7 10. Nbd2 b5 11. Qc2 Nxe5 12. Nxe5 Qc7 13. Ndf3 Bd6 14. h3 Ne4 15.
a4 f6 16. Ng4 bxa4 17. Rxa4 Bd7 18. Raa1 Rab8 19. Rfb1 Rxb1+ 20. Rxb1 Rb8 21.
Rxb8+ Qxb8 22. Bxc4 dxc4 23. Qxe4 Kh8 24. d5 Qb3 25. Ngh2 Qxc3 0-1

[Event "AUTO-MASTER-760"]
[Site "http://www.queenalice.com/game.php?id=555079"]
[Date "2009.3.12"]
[Round "1"]
[White "eliasdiniz"]
[Black "johnson_PEBR"]
[Result "0-1"]
[WhiteElo "1988"]
[BlackElo "2042"]

1. b4 e6 2. Bb2 Nf6 3. b5 a6 4. a4 axb5 5. axb5 Rxa1 6. Bxa1 d5 7. Nf3 Bd6 8. g3
Nbd7 9. Bg2 c5 10. O-O Qa5 11. Nc3 d4 12. e4 dxc3 13. Bxc3 Qc7 14. b6 Qb8 15.
Qe2 e5 16. Nh4 Nxb6 17. f4 O-O 18. f5 Na4 19. g4 h6 20. Nf3 Nxc3 21. dxc3 Nxg4
22. Nh4 Nf6 0-1

[Event "AUTO-MASTER-760"]
[Site "http://www.queenalice.com/game.php?id=555080"]
[Date "2009.3.12"]
[Round "1"]
[White "johnson_PEBR"]
[Black "eliasdiniz"]
[Result "1-0"]
[WhiteElo "2027"]
[BlackElo "2001"]

1. Nf3 Nf6 2. d4 e6 3. c4 b6 4. Nc3 Bb4 5. Bg5 O-O 6. e4 Bxc3+ 7. bxc3 h6 8.
Bxf6 Qxf6 9. Bd3 Bb7 10. Qd2 d6 11. Qe3 e5 12. O-O Nd7 13. Nd2 Qe7 14. f4 exf4
15. Qxf4 Rae8 16. Rf2 c5 17. Raf1 Rc8 18. h4 Rc6 19. Qf5 Nf6 20. e5 dxe5 21.
dxe5 Nd7 22. Qh7# 1-0

[Event "AUTO-MASTER-760"]
[Site "http://www.queenalice.com/game.php?id=555081"]
[Date "2009.3.12"]
[Round "1"]
[White "eliasdiniz"]
[Black "jnable"]
[Result "0-1"]
[WhiteElo "1918"]
[BlackElo "2045"]

1. b4 e5 2. Bb2 Bxb4 3. Bxe5 Nf6 4. Nf3 d5 5. e3 O-O 6. Be2 Bf5 7. O-O Nbd7 8.
c4 Nxe5 9. Nxe5 dxc4 10. Bxc4 Qd6 11. d4 Rad8 12. Qb3 Be6 13. Bxe6 fxe6 14. Nc3
c6 15. a3 Bxc3 0-1

[Event "AUTO-MASTER-760"]
[Site "http://www.queenalice.com/game.php?id=555082"]
[Date "2009.3.12"]
[Round "1"]
[White "jnable"]
[Black "eliasdiniz"]
[Result "1-0"]
[WhiteElo "2033"]
[BlackElo "1930"]

1. e4 c5 2. Nf3 Nf6 3. e5 Nd5 4. d4 e6 5. c4 Nb6 6. d5 exd5 7. cxd5 d6 8. Bb5+
Bd7 9. Qe2 Bxb5 10. Qxb5+ Qd7 11. Nc3 Na6 12. Qe2 Be7 13. Bg5 O-O 14. O-O Bxg5
15. Nxg5 1-0